00259nam a22000737a 4500082001000000100002500010245011400035260003600149 a294.6 aSingh Ji, Giani Gian aRaj Khalsa Part 2:bRise of Sikh States of Patiala, Nabha, Jind, Fridkot and Kapurthla /cGiani Gian Singh Ji aU.S.A :bBaljinder singh,cN.D.